000 00758nam a2200229 a 4500
001 000009900
003 DO-SdBNP
005 20210527131340.0
008 091002t1982 pr a 000 f spa d
040 _aDO-SdBNP
_bspa
_cBNPHU
082 4 _aPR863.44
_bT693s
_222
100 1 _aTorres Braschi, Lillian
_924834
245 1 4 _aLos sobrevivientes /
_cLillian Torres Braschi.
260 _aSan Juan, Puerto Rico :
_b[s.n.],
_c1982,
_eSanto Domingo,
300 _a178 p. :
_bil., retr. ;
_c22 cm.
500 _aIncluye datos biográficos de la autora en las solapas.
590 _aInventariado, 2020/VM
650 4 _aNovela puertorriqueña
_91185
650 4 _aLiteratura puertorriqueña
_9250
910 _aValidado. Control de calidad EMS.
942 _2ddc
_cLBS1
999 _c9659
_d9659